[Event "Bergen Grand Prix"]
[Site "Bergen"]
[Date "2019.11.15"]
[Round "1"]
[White "Flasen, Aleksander"]
[Black "Melkevik, Egil"]
[Result "1-0"]
[WhiteElo "1949"]
[BlackElo "1747"]
[PlyCount "53"]
[EventDate "2019.11.15"]
[EventType "swiss"]
[EventRounds "5"]
[EventCountry "NOR"]
[SourceTitle "CBM 193 Extra"]
[Source "ChessBase"]
[SourceDate "2020.01.31"]
[SourceVersion "1"]
[SourceVersionDate "2020.01.31"]
[SourceQuality "1"]

1. e4 b6 2. d4 Bb7 3. Bd3 e6 4. Nh3 Nf6 5. Qe2 d5 6. e5 Ng8 7. 0-0 c5 8. c3 Nc6 9. Be3 cxd4 10. cxd4 Nb4 11. Bb5+ Bc6 12. a3 a6 13. Bxc6+ Nxc6 14. Nd2 g6 15. Rac1 Qd7 16. Rc2 Bh6 17. Rfc1 Bxe3 18. Rxc6 Bxd4 19. Rc7 Qd8 20. Qf3 f5 21. Nf4 Bxe5 22. Nxe6 Qd6 23. R7c6 Bxh2+ 24. Kh1 Qe5 25. Nc7+ Kd7 26. Nxa8 Qd4 27. Nxb6+ 1-0

[Event "Rostock SSC op 18th"]
[Site "Rostock"]
[Date "2019.08.10"]
[Round "6"]
[White "Kallweit, Paul"]
[Black "Flasen, Aleksander"]
[Result "1-0"]
[WhiteElo "1819"]
[BlackElo "2029"]
[PlyCount "155"]
[EventDate "2019.08.07"]
[EventType "swiss"]
[EventRounds "7"]
[EventCountry "GER"]
[SourceTitle "EXT 2020"]
[Source "ChessBase"]
[SourceDate "2019.10.17"]
[SourceVersion "1"]
[SourceVersionDate "2019.10.17"]
[SourceQuality "1"]

1. d4 Nf6 2. c4 e6 3. Nc3 Bb4 4. Qc2 0-0 5. a3 Bxc3+ 6. Qxc3 Ne4 7. Qc2 f5 8. Nf3 d6 9. g3 Nd7 10. Bg2 Qe7 11. 0-0 c6 12. Be3 Ndf6 13. Rad1 Bd7 14. Nd2 Nxd2 15. Bxd2 d5 16. Bb4 Qf7 17. Bxf8 Rxf8 18. b4 a6 19. Rde1 Nh5 20. f4 Nf6 21. Rb1 Qh5 22. Bf3 Ng4 23. Bxg4 Qxg4 24. Rbc1 Rf6 25. Rf2 h5 26. Qd3 Rh6 27. Qf3 Qg6 28. h4 Qf6 29. Qe3 Kf7 30. Qe5 Qxe5 31. dxe5 Rh8 32. e3 b6 33. Rb2 Ra8 34. a4 Ke7 35. Kf2 Kd8 36. Rbc2 Kc7 37. c5 b5 38. axb5 axb5 39. Ke2 Ra4 40. Rb1 Kb7 41. Kd2 g6 42. Kc1 Be8 43. Rb3 Ra1+ 44. Rb1 Rxb1+ 45. Kxb1 Bf7 46. Ra2 Be8 47. Kc2 Bf7 48. Kd3 Be8 49. Ke2 Bf7 50. Kf3 Be8 51. Ke2 Bf7 52. Kd3 Be8 53. Kd4 Bf7 54. g4 hxg4 55. Kd3 Be8 56. Ke2 Bf7 57. Kf2 Be8 58. Kg3 Bf7 59. h5 gxh5 60. Kh4 Be8 61. Kg5 Kb8 62. Rg2 Kc7 63. Ra2 Kb7 64. Rh2 Kc7 65. Kf6 Kd7 66. Ra2 h4 67. Ra7+ Kd8 68. Kxe6 Bg6 69. Rg7 h3 70. Rxg6 h2 71. Rh6 g3 72. Kd6 Ke8 73. e6 Kf8 74. e7+ Kg7 75. e8Q Kxh6 76. Qh8+ Kg6 77. Qh3 Kf6 78. Kxc6 1-0

[Event "Rostock SSC op 18th"]
[Site "Rostock"]
[Date "2019.08.07"]
[Round "1"]
[White "Flasen, Aleksander"]
[Black "Duede, Sebastian"]
[Result "1/2-1/2"]
[WhiteElo "2029"]
[BlackElo "1679"]
[PlyCount "74"]
[EventDate "2019.08.07"]
[EventType "swiss"]
[EventRounds "7"]
[EventCountry "GER"]
[SourceTitle "EXT 2020"]
[Source "ChessBase"]
[SourceDate "2019.10.17"]
[SourceVersion "1"]
[SourceVersionDate "2019.10.17"]
[SourceQuality "1"]

1. e4 c5 2. Nf3 Nc6 3. Bb5 d6 4. 0-0 Bd7 5. Re1 g6 6. c3 Bg7 7. a4 a6 8. Bc4 Nf6 9. d4 cxd4 10. cxd4 0-0 11. Nc3 Rc8 12. Bg5 Bg4 13. Ba2 Bxf3 14. gxf3 Nh5 15. Be3 e5 16. d5 Na5 17. Qd3 Nf4 18. Bxf4 exf4 19. Rac1 Qb6 20. Rc2 Nb3 21. Bxb3 Qxb3 22. Qd2 b5 23. axb5 axb5 24. Rec1 b4 25. Ne2 Rxc2 26. Rxc2 Qxf3 27. Qxf4 Qxf4 28. Nxf4 b3 29. Re2 Rc8 30. Nd3 Rc2 31. Kf1 Kf8 32. Ke1 Rc8 33. f4 Ke7 34. Nb4 Rc4 35. Nd3 Kd7 36. Kf2 Rd4 37. Re3 f5 1/2-1/2

[Event "Norway op 7th"]
[Site "Stavanger"]
[Date "2019.06.09"]
[Round "6"]
[White "Agdestein, Simen"]
[Black "Flasen, Aleksander"]
[Result "1-0"]
[WhiteElo "2569"]
[BlackElo "2077"]
[PlyCount "149"]
[EventDate "2019.06.07"]
[EventType "swiss"]
[EventRounds "7"]
[EventCountry "NOR"]
[SourceTitle "EXT 2020"]
[Source "ChessBase"]
[SourceDate "2019.10.17"]
[SourceVersion "1"]
[SourceVersionDate "2019.10.17"]
[SourceQuality "1"]

1. e4 e5 2. Nf3 Nc6 3. Bb5 a6 4. Ba4 Nf6 5. 0-0 Be7 6. Re1 b5 7. Bb3 0-0 8. d4 d6 9. c3 Bg4 10. Be3 Re8 11. h3 Bh5 12. Nbd2 Bf8 13. d5 Na5 14. Bc2 Qd7 15. b4 Nb7 16. c4 c6 17. a4 Rec8 18. Bg5 Be7 19. dxc6 Qxc6 20. axb5 axb5 21. Rxa8 Rxa8 22. Bd3 bxc4 23. Nxc4 Nd8 24. Ne3 Qb7 25. Bxf6 Bxf6 26. Nd5 Ne6 27. g4 Bg6 28. h4 h5 29. g5 Bd8 30. Nd2 Nf4 31. Nxf4 exf4 32. b5 Ba5 33. Re2 Bxd2 34. Qxd2 Ra1+ 35. Re1 Rxe1+ 36. Qxe1 d5 37. Qc1 dxe4 38. Bf1 e3 39. fxe3 fxe3 40. Qxe3 Be4 41. Bc4 g6 42. Qd4 Bh1 43. Kf2 Qf3+ 44. Ke1 Qa8 45. b6 Qa5+ 46. Ke2 Qa8 47. Qf4 Bd5 48. Kf2 Bxc4 49. Qxc4 Qd8 50. Qb4 Qb8 51. Qd4 Qh2+ 52. Ke1 Qb8 53. Kd2 Qh2+ 54. Kc3 Qh3+ 55. Kb4 Qh1 56. Kb5 Qb1+ 57. Kc6 Qc2+ 58. Qc5 Qe4+ 59. Kc7 Qf4+ 60. Qd6 Qc4+ 61. Kd8 Qa6 62. Qb8 Kh7 63. Qa7 Qd3+ 64. Qd7 Qb3 65. b7 Qb6+ 66. Ke8 Qe3+ 67. Kxf7 Qf4+ 68. Ke6+ Kh8 69. Qd8+ Kh7 70. Qe7+ Kh8 71. Qf6+ Qxf6+ 72. gxf6 Kh7 73. b8Q g5 74. Qc7+ Kh6 75. Qg7# 1-0

[Event "Kragero op"]
[Site "Kragero"]
[Date "2019.02.24"]
[Round "8"]
[White "Ranaldi, Lucas"]
[Black "Flasen, Aleksander"]
[Result "1-0"]
[WhiteElo "2229"]
[BlackElo "2036"]
[PlyCount "85"]
[EventDate "2019.02.20"]
[EventType "swiss"]
[EventRounds "9"]
[EventCountry "NOR"]
[SourceTitle "CBM 189 Extra"]
[Source "ChessBase"]
[SourceDate "2019.06.03"]
[SourceVersion "1"]
[SourceVersionDate "2019.06.03"]
[SourceQuality "1"]

1. Nf3 Nf6 2. c4 e6 3. Nc3 Bb4 4. Qc2 0-0 5. a3 Bxc3 6. Qxc3 b6 7. e3 Bb7 8. Be2 d6 9. 0-0 Nbd7 10. b4 Qe7 11. Bb2 Rfc8 12. d4 Ne4 13. Qb3 f5 14. Rfd1 Qf6 15. Rac1 Qg6 16. Ne1 Rf8 17. f3 Ng5 18. Kh1 Nf6 19. Nd3 Qh6 20. Nf4 d5 21. c5 c6 22. a4 Nh5 23. Nxh5 Qxh5 24. Rc2 f4 25. Bc1 Rf6 26. Kg1 Rh6 27. Bf1 Qxh2+ 28. Kf2 Qg3+ 29. Ke2 Rh2 30. Kd3 fxe3 31. Bxe3 e5 32. dxe5 Qxe5 33. Re2 Ba6+ 34. b5 Qf5+ 35. Kd2 cxb5 36. axb5 Bc8 37. c6 Ne6 38. Ke1 Nc7 39. Qb4 Be6 40. Qd6 Rh6 41. Bxh6 Nxb5 42. Qxe6+ Qxe6 43. Rxe6 1-0

[Event "Kragero op"]
[Site "Kragero"]
[Date "2019.02.23"]
[Round "7"]
[White "Flasen, Aleksander"]
[Black "Fossum, Oystein Boyum"]
[Result "0-1"]
[WhiteElo "2036"]
[BlackElo "2250"]
[PlyCount "70"]
[EventDate "2019.02.20"]
[EventType "swiss"]
[EventRounds "9"]
[EventCountry "NOR"]
[SourceTitle "CBM 189 Extra"]
[Source "ChessBase"]
[SourceDate "2019.06.03"]
[SourceVersion "1"]
[SourceVersionDate "2019.06.03"]
[SourceQuality "1"]

1. e4 c5 2. Nf3 Nc6 3. Bb5 g6 4. 0-0 Bg7 5. Re1 e5 6. Bxc6 dxc6 7. d3 Qe7 8. h3 Nf6 9. Bg5 h6 10. Bxf6 Bxf6 11. a4 h5 12. Nbd2 g5 13. Nh2 Be6 14. Ndf1 0-0-0 15. Ne3 c4 16. Qe2 cxd3 17. cxd3 Qd7 18. Red1 Bb3 19. Rd2 Be7 20. d4 exd4 21. Nf5 Bc5 22. Qd3 Bb4 23. Re2 Be6 24. Nf3 g4 25. hxg4 hxg4 26. Ne5 Qc7 27. Nxg4 Bxf5 28. exf5 Rh4 29. f3 Qg3 30. f6 Rdh8 31. Nf2 Rh2 32. Qf5+ Kd8 33. Re8+ Rxe8 34. Qg4 Rxg2+ 35. Kh1 Rh2# 0-1

[Event "Stavanger op"]
[Site "Stavanger"]
[Date "2018.10.11"]
[Round "2"]
[White "Flasen, Aleksander"]
[Black "Korneev, Oleg"]
[Result "0-1"]
[WhiteElo "1954"]
[BlackElo "2560"]
[PlyCount "92"]
[EventDate "2018.10.10"]
[EventType "swiss"]
[EventRounds "9"]
[EventCountry "NOR"]
[SourceTitle "CBM 186 Extra"]
[Source "ChessBase"]
[SourceDate "2018.08.24"]
[SourceVersion "1"]
[SourceVersionDate "2018.08.24"]
[SourceQuality "1"]

1. e4 e5 2. Nf3 Nc6 3. Nc3 Nf6 4. d4 exd4 5. Nxd4 Bc5 6. Nxc6 bxc6 7. Bc4 d6 8. 0-0 Ng4 9. h3 Ne5 10. Bb3 Qh4 11. Qe2 Bxh3 12. Be3 Bxe3 13. Qxe3 Be6 14. f4 Ng4 15. Qh3 Qxh3 16. gxh3 Nf6 17. f5 Bxb3 18. axb3 Kd7 19. Ra6 Rhe8 20. Rf4 Re5 21. Kf2 Rae8 22. Kf3 d5 23. exd5 Nxd5 24. Nxd5 cxd5 25. f6 g5 26. Rd4 R8e6 27. Rxa7 Rxf6+ 28. Kg3 h5 29. Rd2 h4+ 30. Kg2 Rfe6 31. Kf2 Rf5+ 32. Kg2 Re3 33. b4 Rg3+ 34. Kh2 Rff3 35. Rxd5+ Ke6 36. Rc5 Rxh3+ 37. Kg2 Rhg3+ 38. Kh2 h3 39. Rc6+ Kf5 40. Ra1 Rg2+ 41. Kh1 Rff2 42. Rc5+ Kg6 43. Rc6+ Kh5 44. Rxc7 Rh2+ 45. Kg1 Rfg2+ 46. Kf1 Rh1# 0-1

[Event "NOR-ch U16"]
[Site "Stavanger"]
[Date "2017.07.01"]
[Round "4"]
[White "Melaa, Sondre Lillestol"]
[Black "Flasen, Aleksander"]
[Result "0-1"]
[WhiteElo "1865"]
[BlackElo "1829"]
[PlyCount "58"]
[EventDate "2017.07.01"]
[EventType "swiss"]
[EventRounds "9"]
[EventCountry "NOR"]
[SourceTitle "EXT 2018"]
[Source "ChessBase"]
[SourceDate "2017.10.13"]
[SourceVersion "1"]
[SourceVersionDate "2017.10.13"]
[SourceQuality "1"]

1. e4 e5 2. Nf3 Nc6 3. Bc4 Bc5 4. c3 Nf6 5. d3 d6 6. 0-0 Bg4 7. Nbd2 0-0 8. a4 a6 9. h3 Bh5 10. Re1 Re8 11. b4 Bb6 12. Qb3 Qd7 13. g4 Bg6 14. Nh4 Kh8 15. Nxg6+ fxg6 16. Nf1 Nxg4 17. Ne3 Nxe3 18. Bxe3 Qxh3 19. Bxb6 cxb6 20. Re3 Qh4 21. Kg2 Rf8 22. Rg3 Rf4 23. f3 Raf8 24. Qd1 Qf6 25. Qe2 g5 26. b5 axb5 27. axb5 Ne7 28. Bd5 Ng6 29. Rf1 g4 0-1